[Event "Druzynowe Mistrzostwa Polski Juniorow - Ekstraliga Juniorow 2019"]
[Site "DW Globus Ustron Jaszowiec ul. Turystyczna 6"]
[Date "1899-12-30"]
[Round "8.15"]
[White "Luberanski, Jakub"]
[Black "Chyzy, Jakub"]
[Result "0-1"]
[WhiteTitle "I++"]
[BlackTitle "k"]
[WhiteElo "2010"]
[BlackElo "2093"]

1. d4 d5 2. c4 e6 3. Nc3 Nf6 4. cxd5 exd5 5. Bg5 Be7 6. e3 O-O 7. Qc2 c6 8. Bd3
Nbd7 9. Nf3 Re8 10. O-O Nf8 11. h3 Ne4 12. Bf4 Ng5 13. Bxg5 Bxg5 14. b4 a6 15.
a4 Be7 16. Rab1 Bd6 17. Rfc1 Qf6 18. e4 Bf4 19. Re1 Be6 20. e5 Qe7 21. g3 Bh6
22. Kg2 g6 23. Ng1 a5 24. bxa5 Rxa5 25. f4 c5 26. Qf2 cxd4 27. Qxd4 Rc8 28. Nge2
Qd7 29. Bb5 Bxh3+ 30. Kh2 Qe6 31. Nxd5 Kh8 32. Rbd1 Bg4 33. Nb6 Rc2 34. Nd5 Rxb5
35. axb5 Rxe2+ 36. Rxe2 Bxe2 37. Rd2 Bf1 38. Kg1 Bh3 39. Ne3 Bg7 40. Kh2 h5 41.
Qe4 Qc8 42. b6 Bd7 43. Qc4 Ne6 44. Qxc8+ Bxc8 45. Ra2 Bd7 46. Rd2 Nc5 47. Nc4
Bf8 48. Nd6 Bxd6 49. exd6 Bc6 50. Kg1 Kg7 51. Rc2 Nd7 52. Rb2 Kf6 53. Kf2 Ke6
54. Ke3 Kxd6 55. Kd4 Bd5 56. Rb5 Be6 57. Rb2 Kc6 58. Rc2+ Kxb6 59. Rb2+ Kc6 60.
Rc2+ Kd6 61. Rb2 b6 62. Rb1 Ke7 63. Rb5 Kf6 64. Ke4 Bc4 65. Rb2 b5 66. Rb1 Nc5+
67. Kf3 Kf5 68. Re1 Bd5+ 69. Ke3 Ne6 70. Rd1 Bc4 71. Kf3 Nc5 72. Re1 Nd3 73. Re3
b4 74. Re8 b3 75. Rb8 b2 76. Ke3 Ba2 77. Rb5+ Kg4 78. Rg5+ Kh3 0-1

[Event "Druzynowe Mistrzostwa Polski Juniorow - Ekstraliga Juniorow 2019"]
[Site "DW Globus Ustron Jaszowiec ul. Turystyczna 6"]
[Date "1899-12-30"]
[Round "8.16"]
[White "Czernek, Tymon"]
[Black "Starosciak, Szymon"]
[Result "1-0"]
[WhiteTitle "I++"]
[BlackTitle "I"]
[WhiteElo "2003"]
[BlackElo "1697"]

1. e4 c5 2. Nf3 Nc6 3. d3 g6 4. g3 Bg7 5. Bg2 d6 6. O-O e6 7. c3 Nge7 8. Re1 O-O
9. a3 a5 10. a4 Rb8 11. Na3 b6 12. d4 Ba6 13. Bf4 e5 14. Be3 Qc7 15. Nc2 Rfd8
16. d5 Na7 17. Qd2 Bc4 18. Bh6 Bh8 19. Ne3 Ba6 20. Ng4 Bc8 21. Qg5 Bxg4 22. Qxg4
b5 23. axb5 Rxb5 24. Bc1 h5 25. Qh4 Nac8 26. Bf1 Rb8 27. g4 Qd7 28. gxh5 Bg7 29.
h6 Bh8 30. h7+ Kf8 31. Bh6+ Ke8 32. Bg7 Bxg7 33. h8=Q+ Bxh8 34. Qxh8+ 1-0

[Event "Druzynowe Mistrzostwa Polski Juniorow - Ekstraliga Juniorow 2019"]
[Site "DW Globus Ustron Jaszowiec ul. Turystyczna 6"]
[Date "1899-12-30"]
[Round "8.17"]
[White "Harazinska, Magdalena"]
[Black "Swiech, Joanna"]
[Result "1/2-1/2"]
[WhiteTitle "WFM"]
[BlackTitle "k"]
[WhiteElo "2004"]
[BlackElo "1879"]

1. d4 d5 2. c4 e6 3. Nc3 Be7 4. cxd5 exd5 5. Bf4 c6 6. e3 Bd6 7. Bxd6 Qxd6 8. Bd3
Ne7 9. Qc2 g6 10. Nf3 Bf5 11. Bxf5 Nxf5 12. g4 Ng7 13. O-O-O Nd7 14. Kb1 h5 15.
h3 O-O-O 16. g5 Kb8 17. Nh4 Rhe8 18. Qd3 Qe7 19. Rhg1 Nb6 20. b3 Nc8 21. Nf3 Qe6
22. Rh1 Nd6 23. Ne5 Re7 24. h4 Qf5 25. f3 Qxd3+ 26. Rxd3 Ndf5 27. f4 Nd6 28. Kb2
Ngf5 29. Rh3 Kc7 30. Rd1 Kb8 31. Rd2 Kc7 32. Rd1 Kb8 33. Rc1 Rc7 34. a3 Re7 35.
Kc2 Rc7 36. Kd3 a6 37. Rh2 Nb5 38. Nb1 1/2-1/2

[Event "Druzynowe Mistrzostwa Polski Juniorow - Ekstraliga Juniorow 2019"]
[Site "DW Globus Ustron Jaszowiec ul. Turystyczna 6"]
[Date "1899-12-30"]
[Round "8.18"]
[White "Wikar, Martyna"]
[Black "Pawicka, Magdalena"]
[Result "1/2-1/2"]
[WhiteTitle "k+"]
[BlackTitle "I"]
[WhiteElo "2020"]
[BlackElo "1700"]

1. g3 e6 2. Bg2 d5 3. c4 Nf6 4. cxd5 exd5 5. d4 c6 6. Nc3 Bd6 7. Nh3 O-O 8. O-O
Re8 9. f3 b6 10. Nf2 Ba6 11. Re1 Bb4 12. a3 Bxc3 13. bxc3 c5 14. e4 cxd4 15. cxd4
Bb7 16. e5 Nfd7 17. f4 Nf8 18. f5 Nc6 19. Qg4 Kh8 20. Bg5 Qd7 21. Bf6 gxf6 22.
exf6 Ng6 23. fxg6 Qxg4 24. Nxg4 fxg6 25. Bxd5 Red8 26. Bxc6 Bxc6 27. Rac1 Rxd4
28. Rxc6 Rxg4 29. Rc7 Rg5 30. Ree7 Rh5 31. Rxa7 Rc8 32. h4 b5 33. Kg2 Rf8 34.
Kh3 Rc8 35. Rab7 Kg8 36. Rg7+ Kh8 37. Rgd7 Kg8 38. Re7 Ra8 39. Rg7+ Kh8 40. Rgd7
Kg8 41. Rd6 Rc8 42. Rg7+ Kh8 43. Rc7 Ra8 44. Ra6 Rd8 45. Raa7 Kg8 46. g4 Rh6 47.
g5 Rh5 48. Rd7 Rc8 49. Rd3 Rb8 50. Re3 Kf8 51. Rae7 Ra8 52. Rb7 h6 53. Rxb5 hxg5
54. Rxg5 Kf7 55. Reg3 Ra4 56. Rxg6 Raxh4+ 57. Kg2 Rh2+ 58. Kf3 Rf5+ 59. Ke4 Rxf6
60. Rxf6+ Kxf6 61. Kd5 Ke7 62. Kc6 Ra2 63. Rd3 Ra1 64. Kb5 Rb1+ 65. Ka5 Rb8 66.
Ka6 Ra8+ 67. Kb6 Ke8 68. Kb7 Ra4 69. Kc7 Ra7+ 70. Kb8 Ra4 71. Kc8 Ra8+ 72. Kc7
Ra7+ 73. Kb6 Ra8 74. Kb5 Rb8+ 75. Kc6 Ra8 76. Rh3 Ke7 77. Kc7 Ra7+ 78. Kb6 1/2-1/2

[Event "Druzynowe Mistrzostwa Polski Juniorow - Ekstraliga Juniorow 2019"]
[Site "DW Globus Ustron Jaszowiec ul. Turystyczna 6"]
[Date "1899-12-30"]
[Round "8.19"]
[White "Lukasiewicz, Krzysztof"]
[Black "Czechowski, Jakub"]
[Result "1-0"]
[WhiteTitle "k"]
[BlackTitle "I+"]
[WhiteElo "2172"]
[BlackElo "1922"]

1. d4 Nf6 2. Nf3 g6 3. e3 Bg7 4. Be2 O-O 5. O-O d6 6. b3 Nbd7 7. Bb2 c6 8. c4 Qc7
9. Nc3 e5 10. Qc2 Re8 11. Rac1 a6 12. Rfd1 Nf8 13. dxe5 dxe5 14. c5 Bf5 15. e4
Bg4 16. Nd2 Bxe2 17. Nxe2 Bh6 18. Rb1 N6d7 19. Nc4 Ne6 20. b4 a5 21. a3 axb4 22.
axb4 Red8 23. Qb3 Bg7 24. Qe3 Rab8 25. Qg3 Nf4 26. Nxf4 exf4 27. Qb3 Bxb2 28.
Rxb2 Ne5 29. Nd6 f3 30. gxf3 Qd7 31. Kg2 Qe7 32. f4 Ng4 33. Rbd2 Rf8 34. e5 b6
35. Qg3 Nh6 36. Qg5 Qxg5+ 37. fxg5 Nf5 38. Nxf5 gxf5 39. Rd6 bxc5 40. bxc5 Rfc8
41. Rf6 Rb5 42. Rd7 Rxc5 43. Rfxf7 Rxe5 44. Rg7+ Kh8 45. Rxh7+ Kg8 46. Rhg7+ Kh8
47. h4 Re4 48. Rh7+ Kg8 49. f3 Rb4 50. Rhg7+ Kh8 51. h5 1-0

[Event "Druzynowe Mistrzostwa Polski Juniorow - Ekstraliga Juniorow 2019"]
[Site "DW Globus Ustron Jaszowiec ul. Turystyczna 6"]
[Date "1899-12-30"]
[Round "8.20"]
[White "Koziorowicz, Michal"]
[Black "Sernecki, Franciszek"]
[Result "1-0"]
[WhiteTitle "I++"]
[BlackTitle "I++"]
[WhiteElo "1985"]
[BlackElo "2283"]

1. e4 e6 2. d4 d5 3. Nd2 Be7 4. Bd3 c5 5. dxc5 Nf6 6. Qe2 O-O 7. Ngf3 a5 8. O-O
Na6 9. Bb5 Nxc5 10. e5 Ne8 11. Nb3 Nc7 12. Nxc5 Bxc5 13. Bd3 f5 14. exf6 gxf6
15. Nh4 Rf7 16. Qg4+ Rg7 17. Qh5 Qe8 18. Qf3 Qa4 19. c4 f5 20. Bh6 Qd7 21. Bxg7
Qxg7 22. cxd5 Be7 23. d6 Bxd6 24. Rac1 Rb8 25. Rfd1 Be5 26. Bc4 Qf6 27. Qxf5 Bxh2+
28. Kxh2 Qxh4+ 29. Kg1 b5 30. Qe5 1-0

[Event "Druzynowe Mistrzostwa Polski Juniorow - Ekstraliga Juniorow 2019"]
[Site "DW Globus Ustron Jaszowiec ul. Turystyczna 6"]
[Date "1899-12-30"]
[Round "8.21"]
[White "Bednarczyk, Mateusz"]
[Black "Dzida, Kamil"]
[Result "0-1"]
[WhiteTitle "I"]
[BlackTitle "I++"]
[WhiteElo "1529"]
[BlackElo "1987"]

1. e4 c5 2. Nf3 d6 3. d4 cxd4 4. Nxd4 Nf6 5. Nc3 a6 6. Be3 e5 7. Nf3 Be7 8. Bc4
O-O 9. O-O Be6 10. Bb3 h6 11. h3 Nbd7 12. Nh4 Kh7 13. Nf5 Bxf5 14. exf5 Rc8 15.
Nd5 Nxd5 16. Bxd5 Qc7 17. Qf3 Nf6 18. Bxb7 Rb8 19. Bxa6 Rxb2 20. a4 d5 21. Rab1
Rxb1 22. Rxb1 Qxc2 23. Qd1 Qxd1+ 24. Rxd1 d4 25. Bd2 e4 26. Bf4 d3 27. Bb7 Bb4
28. Bc7 Ne8 29. Bf4 g5 30. Bd2 Bxd2 31. Rxd2 Nd6 32. Bd5 Rc8 33. g4 Kg7 34. Kg2
Kf6 35. f3 Rc2 36. fxe4 Rxd2+ 0-1

[Event "Druzynowe Mistrzostwa Polski Juniorow - Ekstraliga Juniorow 2019"]
[Site "DW Globus Ustron Jaszowiec ul. Turystyczna 6"]
[Date "1899-12-30"]
[Round "8.22"]
[White "Wysocki, Mateusz"]
[Black "Wieczorek, Mikolaj"]
[Result "1-0"]
[WhiteTitle "I"]
[BlackTitle "I"]
[WhiteElo "1634"]
[BlackElo "1751"]

1. e4 c5 2. Nf3 d6 3. d4 cxd4 4. Qxd4 Nc6 5. Qe3 Nf6 6. h3 g6 7. Be2 Bg7 8. O-O
O-O 9. c4 Bd7 10. Nc3 Rc8 11. Bd2 b6 12. Rac1 Ne8 13. b3 Nc7 14. Nd5 Nxd5 15.
cxd5 Ne5 16. Nd4 f5 17. f4 Bh6 18. exf5 gxf5 19. Qg3+ Ng6 20. Bf3 b5 21. Rxc8
Bxc8 22. Nc6 Qb6+ 23. Kh1 e5 24. Bh5 Kf7 25. Bc3 Qc5 26. fxe5 Qxd5 27. Nb4 Qc5
28. exd6 f4 29. Qf3 Qxd6 30. Rd1 Qc5 31. Qd5+ Qxd5 32. Rxd5 Kg8 33. Rxb5 Nh4 34.
Nd5 Nf5 35. Nf6+ Rxf6 36. Bxf6 Ng3+ 37. Kh2 1-0

[Event "Druzynowe Mistrzostwa Polski Juniorow - Ekstraliga Juniorow 2019"]
[Site "DW Globus Ustron Jaszowiec ul. Turystyczna 6"]
[Date "1899-12-30"]
[Round "8.23"]
[White "Frej, Zofia"]
[Black "Raczykowska, Paulina"]
[Result "1-0"]
[WhiteTitle "k"]
[BlackTitle "k"]
[WhiteElo "1903"]
[BlackElo "1893"]

1. e4 e5 2. Nf3 Nc6 3. Bb5 a6 4. Ba4 Nf6 5. O-O b5 6. Bb3 Be7 7. d3 d6 8. a3 O-O
9. Nc3 Bg4 10. Be3 h6 11. h3 Be6 12. Nd5 Bxd5 13. exd5 Na5 14. Ba2 Nh7 15. b4
Nb7 16. Re1 Kh8 17. c4 f5 18. a4 Qe8 19. cxb5 axb5 20. a5 f4 21. Bd2 Qg6 22. Rc1
Rac8 23. Bb1 Ng5 24. Nxg5 Qxg5 25. Qf3 h5 26. d4 Bf6 27. dxe5 Bxe5 28. Qd3 Qh6
29. Qxb5 Nd8 30. Qd3 Nf7 31. Qg6 Bb2 32. Qxh6+ Nxh6 33. Rc4 Be5 34. Rec1 Rf7 35.
a6 Bb2 36. R1c2 Be5 37. a7 Ra8 38. Rxc7 Rxa7 39. Rxf7 Rxf7 40. Rc8+ Ng8 41. Bg6
Rf6 42. Bxh5 g6 43. Bg4 Kg7 44. b5 Bd4 45. Bc3 Bxc3 46. Rxc3 Rf7 47. b6 Nf6 48.
Rc7 1-0

[Event "Druzynowe Mistrzostwa Polski Juniorow - Ekstraliga Juniorow 2019"]
[Site "DW Globus Ustron Jaszowiec ul. Turystyczna 6"]
[Date "1899-12-30"]
[Round "8.24"]
[White "Siekanska, Maria"]
[Black "Scisla, Oliwia"]
[Result "1-0"]
[WhiteTitle "I++"]
[BlackTitle "I++"]
[WhiteElo "1559"]
[BlackElo "1247"]

1. d4 d5 2. c4 e6 3. Nc3 c5 4. cxd5 exd5 5. Nf3 Nc6 6. e3 c4 7. Be2 Bb4 8. O-O
Nf6 9. Nd2 Bf5 10. a3 Bxc3 11. bxc3 O-O 12. f3 Re8 13. e4 dxe4 14. fxe4 Bxe4 15.
Nxe4 Rxe4 16. Bxc4 h6 17. Qd3 Rc8 18. Bxf7+ Kh8 19. Qh3 Qd7 20. Qxd7 Nxd7 21.
Bd5 Re2 22. Ra2 Rxa2 23. Bxa2 Nf6 24. Re1 Na5 25. Bb2 Nc6 26. c4 Na5 27. c5 b6
28. cxb6 axb6 29. Rc1 Re8 30. Bf7 Re2 31. Bc3 Nc6 32. d5 Ne5 33. Kf1 Re4 34. Bxe5
Rxe5 35. d6 Nd7 36. Bg6 Rc5 37. Rxc5 Nxc5 38. Ke2 Kg8 39. Ke3 Nb7 40. d7 Kf8 41.
Be4 Nd8 42. Kd4 Ke7 43. Bf5 Kd6 44. h4 Nb7 45. Ke4 Nd8 46. Bg4 Nc6 47. h5 Kc7
48. Kf5 Kd8 49. Bh3 Ke7 50. Kg6 Kf8 51. Be6 Ne7+ 52. Kh7 Nc6 53. Bd5 Nd8 54. Kg6
b5 55. g4 1-0

[Event "Druzynowe Mistrzostwa Polski Juniorow - Ekstraliga Juniorow 2019"]
[Site "DW Globus Ustron Jaszowiec ul. Turystyczna 6"]
[Date "1899-12-30"]
[Round "8.25"]
[White "Kowalski, Igor"]
[Black "Gazik, Viktor"]
[Result "0-1"]
[WhiteTitle "FM"]
[BlackTitle "IM"]
[WhiteElo "2320"]
[BlackElo "2520"]

1. d4 Nf6 2. c4 e5 3. dxe5 Ng4 4. e4 Nxe5 5. f4 Nec6 6. Be3 Bb4+ 7. Nd2 Qh4+ 8.
g3 Qe7 9. Bg2 b6 10. Ne2 d6 11. O-O O-O 12. Nb3 a5 13. a3 Bc5 14. Nxc5 bxc5 15.
Nc3 Ra6 16. Nd5 Qd8 17. f5 f6 18. Rf4 Ne5 19. Rh4 g6 20. g4 c6 21. Nc3 Qe7 22.
b3 Nbd7 23. Ra2 Nf7 24. Rh3 Nde5 25. Rg3 g5 26. h4 h6 27. Rh3 Kg7 28. Rd2 Rb6
29. Na4 Rb7 30. Kf2 Bd7 31. hxg5 hxg5 32. Kg1 Rfb8 33. Bf1 Rxb3 34. Rdh2 Rxa3
35. Rh7+ Kg8 36. Kf2 Rbb3 37. R7h3 Ra2+ 38. Bd2 Nxg4+ 39. Qxg4 Rxd2+ 40. Be2 Rxh3
41. Rxh3 Qe5 42. Nb6 Be8 0-1

[Event "Druzynowe Mistrzostwa Polski Juniorow - Ekstraliga Juniorow 2019"]
[Site "DW Globus Ustron Jaszowiec ul. Turystyczna 6"]
[Date "1899-12-30"]
[Round "8.26"]
[White "Godzwon, Iwo"]
[Black "Kokoszczynski, Jan"]
[Result "1/2-1/2"]
[WhiteTitle "FM"]
[BlackTitle "k"]
[WhiteElo "2285"]
[BlackElo "2238"]

1. e4 e6 2. d4 d5 3. Nd2 Be7 4. Bd3 c5 5. dxc5 Nf6 6. Qe2 O-O 7. Ngf3 a5 8. O-O
Na6 9. Bb5 Nxc5 10. e5 Nfe4 11. Nxe4 dxe4 12. Nd2 Qc7 13. Nxe4 Qxe5 14. Nxc5 Qxe2
15. Bxe2 Bxc5 16. Rd1 b6 17. Bf3 Ra7 18. Bf4 Ba6 19. Bd6 Rc8 20. Bxc5 bxc5 21.
Rd6 Kf8 22. Rad1 Ke7 23. Rb6 Rcc7 24. b3 a4 25. h3 Bb7 26. Bxb7 Raxb7 27. Rxb7
Rxb7 28. Kf1 c4 29. Rb1 cxb3 30. axb3 axb3 31. Rxb3 Rc7 32. Rb2 Kd6 33. Ke2 Kc5
34. Kd3 Rd7+ 35. Kc3 e5 36. Ra2 Rc7 37. Ra8 f5 38. f3 Kd5+ 39. Kd3 e4+ 40. fxe4+
fxe4+ 41. Kd2 Ke5 42. Ra3 1/2-1/2

[Event "Druzynowe Mistrzostwa Polski Juniorow - Ekstraliga Juniorow 2019"]
[Site "DW Globus Ustron Jaszowiec ul. Turystyczna 6"]
[Date "1899-12-30"]
[Round "8.27"]
[White "Fiszer, Bartosz"]
[Black "Turski, Bartlomiej"]
[Result "1-0"]
[WhiteTitle "CM"]
[BlackTitle "I"]
[WhiteElo "2105"]
[BlackElo "1967"]

1. e4 c5 2. Nf3 Nc6 3. d4 cxd4 4. Nxd4 Nf6 5. Nc3 d6 6. Bg5 e6 7. Qd2 a6 8. Nxc6
bxc6 9. O-O-O Qc7 10. Bxf6 gxf6 11. Bc4 h5 12. Kb1 Rb8 13. f4 Bd7 14. f5 e5 15.
Bb3 a5 16. Qe2 Rh7 17. h4 Bc8 18. g4 hxg4 19. Qxg4 Rh8 20. h5 Bh6 21. Qe2 Rb6
22. Qd3 Bf8 23. h6 Rxh6 24. Rxh6 Bxh6 25. Rh1 Bf8 26. Rh7 Ba6 27. Qg3 Rxb3 28.
axb3 Bb7 29. Rh8 Qe7 30. Qe3 Qc7 31. Ka2 Ba6 32. Ne2 Ke7 33. Ng3 a4 34. bxa4 c5
35. Ne2 Qa5 36. Nc3 Bb7 37. Qd3 Ba6 38. Nd5+ Kd7 39. Qb3 c4 40. Qb6 1-0

[Event "Druzynowe Mistrzostwa Polski Juniorow - Ekstraliga Juniorow 2019"]
[Site "DW Globus Ustron Jaszowiec ul. Turystyczna 6"]
[Date "1899-12-30"]
[Round "8.28"]
[White "Bogusz, Alan"]
[Black "Rylski, Tadeusz"]
[Result "0-1"]
[WhiteTitle "I"]
[BlackTitle "II+"]
[WhiteElo "1730"]
[BlackElo "1502"]

1. Nf3 d5 2. g3 c6 3. Bg2 Bg4 4. Ne5 Bf5 5. d4 Nd7 6. Nxd7 Qxd7 7. Bf4 Nf6 8. Nd2
e6 9. Nf3 Ne4 10. Ne5 Qd8 11. c3 f6 12. Nd3 Bd6 13. f3 Bxf4 14. fxe4 Bxg3+ 15.
hxg3 dxe4 16. Nc5 Qd6 17. Nxe4 Bxe4 18. Bxe4 Qxg3+ 19. Kd2 Qf4+ 20. Kd3 f5 21.
Bf3 e5 22. Bh5+ Ke7 23. e3 Qf2 24. Qb3 e4+ 25. Kc4 b5+ 26. Kc5 g6 27. Rag1 Rad8
28. Bxg6 Rd5+ 29. Kxc6 Rhd8 30. Rxh7+ Kf6 31. Rf7+ Ke6 32. Rxf5 R8d6+ 33. Kb7
Qh2 34. Rxd5 Rb6+ 0-1

[Event "Druzynowe Mistrzostwa Polski Juniorow - Ekstraliga Juniorow 2019"]
[Site "DW Globus Ustron Jaszowiec ul. Turystyczna 6"]
[Date "1899-12-30"]
[Round "8.29"]
[White "Moscicka, Pola"]
[Black "Jarocka, Liwia"]
[Result "1/2-1/2"]
[WhiteTitle "k++"]
[BlackTitle "FM"]
[WhiteElo "1858"]
[BlackElo "2102"]

1. d4 Nf6 2. c4 e6 3. Nf3 c5 4. d5 exd5 5. cxd5 d6 6. Nc3 g6 7. g3 Bg7 8. Bg2 O-O
9. O-O Re8 10. Re1 Na6 11. e4 Bg4 12. Bf4 Nd7 13. Qb3 Bxf3 14. Bxf3 Ne5 15. Bxe5
Bxe5 16. Bg2 Rb8 17. Nb5 Qb6 18. Bf1 Nc7 19. Nxc7 Qxc7 20. a4 a6 21. Kh1 b5 22.
axb5 axb5 23. f4 Bg7 24. Ra6 c4 25. Qb4 Bf8 26. Bg2 Rb6 27. Rea1 Reb8 28. Ra7
R6b7 29. R7a6 Rb6 30. Ra7 R6b7 1/2-1/2

[Event "Druzynowe Mistrzostwa Polski Juniorow - Ekstraliga Juniorow 2019"]
[Site "DW Globus Ustron Jaszowiec ul. Turystyczna 6"]
[Date "1899-12-30"]
[Round "8.30"]
[White "Hertlein, Irena"]
[Black "Zabrzanska, Weronika"]
[Result "0-1"]
[WhiteTitle "I++"]
[BlackTitle "I++"]
[WhiteElo "1612"]
[BlackElo "1748"]

1. d4 d5 2. Nf3 Nf6 3. e3 e6 4. Bd3 Bd6 5. b3 c5 6. Bb2 Nc6 7. Nbd2 Qc7 8. dxc5
Bxc5 9. O-O Qe7 10. c4 dxc4 11. Nxc4 O-O 12. a3 a6 13. Qc2 h6 14. Rfd1 Ba7 15.
Rac1 Rd8 16. Nce5 Nxe5 17. Bxe5 Bb8 18. Qb2 Bxe5 19. Nxe5 Bd7 20. Rc7 Rab8 21.
Be2 Qe8 22. Bf3 b6 23. Nxd7 Nxd7 24. Bc6 Nc5 25. Rf1 Qf8 26. Qe5 Nd3 27. Qg3 Qxa3
28. Rd7 Qxb3 29. Qd6 Rdc8 30. Bb7 Rf8 31. Be4 Nc5 32. Rb1 Qa2 0-1

[Event "Druzynowe Mistrzostwa Polski Juniorow - Ekstraliga Juniorow 2019"]
[Site "DW Globus Ustron Jaszowiec ul. Turystyczna 6"]
[Date "1899-12-30"]
[Round "9.1"]
[White "Gazik, Viktor"]
[Black "Psyk, Radoslaw"]
[Result "1-0"]
[WhiteTitle "IM"]
[BlackTitle "k++"]
[WhiteElo "2520"]
[BlackElo "2311"]

1. g3 d5 2. f4 c5 3. Bg2 Nc6 4. Nf3 g6 5. O-O Bg7 6. d3 Bg4 7. c3 Qc7 8. e4 dxe4
9. dxe4 e5 10. h3 Rd8 11. Qc2 Bxf3 12. Bxf3 exf4 13. gxf4 Nge7 14. a4 O-O 15.
Na3 Kh8 16. h4 f6 17. Bg2 g5 18. fxg5 fxg5 19. Bxg5 h6 20. Be3 b6 21. Qe2 Qg3
22. Bf2 Qe5 23. Nc4 Qe6 24. Bg3 Rg8 25. Kh2 Ne5 26. Ne3 Rd3 27. Bh3 Qg6 28. Rf4
Rgd8 29. Rd1 h5 30. Rxd3 Rxd3 31. Nf1 c4 32. Bf5 Nxf5 33. exf5 Ng4+ 34. Kg2 Qf7
35. Qe6 Qb7+ 36. Qe4 Qd7 37. Qxc4 Rd2+ 38. Kg1 Rxb2 39. Rf3 Bf6 40. Qe4 Kg7 41.
Rd3 Qc8 42. Nd2 Rc2 43. Nc4 Ra2 44. Ne3 Re2 45. Bf4 Qg8 46. Kf1 Rf2+ 47. Ke1 Rb2
48. Nxg4 hxg4 49. Rd7+ Kh8 50. Be5 Rb1+ 51. Ke2 Qa2+ 52. Rd2 Qf7 53. Bxf6+ Qxf6
54. Qxb1 Qe5+ 55. Kd1 g3 56. Qd3 1-0

[Event "Druzynowe Mistrzostwa Polski Juniorow - Ekstraliga Juniorow 2019"]
[Site "DW Globus Ustron Jaszowiec ul. Turystyczna 6"]
[Date "1899-12-30"]
[Round "9.2"]
[White "Malicka, Maria"]
[Black "Godzwon, Iwo"]
[Result "0-1"]
[WhiteTitle "WCM"]
[BlackTitle "FM"]
[WhiteElo "2115"]
[BlackElo "2285"]

1. e4 c5 2. Nf3 e6 3. d4 cxd4 4. Nxd4 Nc6 5. Nc3 Qc7 6. Be2 Nf6 7. O-O Be7 8. Be3
O-O 9. f4 d6 10. Qe1 Nxd4 11. Bxd4 e5 12. fxe5 dxe5 13. Qg3 Bc5 14. Bxc5 Qxc5+
15. Kh1 Ne8 16. Rad1 Nc7 17. Rd2 f6 18. Rfd1 Be6 19. Bg4 Rf7 20. Rd6 Re8 21. Bh5
g6 22. Bg4 Qb4 23. Bxe6 Nxe6 24. Rd7 Qxb2 25. Rxf7 Kxf7 26. Rb1 Qxc2 27. Rxb7+
Re7 28. Rxe7+ Kxe7 29. h3 Nf4 30. Kh2 Kf7 31. Nb5 Qxa2 32. Qg4 Ke7 33. Qg3 a5
34. Nc3 Qd2 35. Nb5 Qd3 36. Qh4 Qxb5 37. Qxh7+ Kd6 38. Qf7 a4 39. Qxf6+ Ne6 40.
Qxg6 a3 41. Qg3 Qa5 42. Qd3+ Ke7 43. Qb1 a2 44. Qb7+ Kf6 45. Kh1 0-1

[Event "Druzynowe Mistrzostwa Polski Juniorow - Ekstraliga Juniorow 2019"]
[Site "DW Globus Ustron Jaszowiec ul. Turystyczna 6"]
[Date "1899-12-30"]
[Round "9.3"]
[White "Turski, Bartlomiej"]
[Black "Iwaszkiewicz, Krzysztof"]
[Result "1/2-1/2"]
[WhiteTitle "I"]
[BlackTitle "I"]
[WhiteElo "1967"]
[BlackElo "1770"]

1. e4 c5 2. Nf3 Nc6 3. d4 cxd4 4. Nxd4 g6 5. c4 Nf6 6. Nc3 d6 7. Be2 Nxd4 8. Qxd4
Bg7 9. O-O O-O 10. Qd3 a5 11. Be3 a4 12. f3 Qa5 13. Qd2 Be6 14. Rab1 Rfc8 15.
b3 axb3 16. axb3 Qb4 17. f4 Ra3 18. f5 Bd7 19. e5 Ne8 20. Nd5 Qxd2 21. Bxd2 Bf8
22. fxg6 hxg6 23. exd6 Nxd6 24. Bb4 Ra2 25. Bd3 Bc6 26. Rbe1 Bxd5 27. cxd5 Rb2
28. Rb1 Bg7 29. Bxd6 exd6 30. Rxb2 Bxb2 31. Rd1 Rc5 32. Be2 Kg7 33. Kf2 Kf6 34.
b4 Rc1 1/2-1/2

[Event "Druzynowe Mistrzostwa Polski Juniorow - Ekstraliga Juniorow 2019"]
[Site "DW Globus Ustron Jaszowiec ul. Turystyczna 6"]
[Date "1899-12-30"]
[Round "9.4"]
[White "Klim, Filip"]
[Black "Bogusz, Alan"]
[Result "1/2-1/2"]
[WhiteTitle "I"]
[BlackTitle "I"]
[WhiteElo "1557"]
[BlackElo "1730"]

1. e4 b6 2. d4 Bb7 3. f3 e6 4. Be3 Nf6 5. c4 Bb4+ 6. Nc3 Bxc3+ 7. bxc3 d5 8. e5
Nfd7 9. Nh3 c5 10. Nf2 Qc7 11. Rc1 O-O 12. Be2 f6 13. exf6 Nxf6 14. O-O Nbd7 15.
Qd2 Nh5 16. Nh3 Kh8 17. Qc2 g6 18. Bd3 Ng7 19. Bh6 dxc4 20. Bxc4 cxd4 21. cxd4
Qd6 22. Ng5 Bd5 23. Bxd5 Qxd5 24. Rfe1 Rae8 25. Qc6 Qxd4+ 26. Kh1 Nc5 27. Bxg7+
Qxg7 28. Nxe6 Nxe6 29. Rxe6 Rxe6 30. Qxe6 h6 31. h3 Rf7 32. Rc6 Kh7 33. Kh2 Qg8
34. a4 Qg7 35. Rd6 Qg8 36. Kh1 Qg7 37. h4 h5 38. Kh2 Qg8 39. Rd4 Qg7 40. Rd6 Qg8
41. f4 Qg7 42. Qe5 Qg8 43. g4 Rc7 44. Rd2 Qf7 45. gxh5 gxh5 46. f5 Rc5 47. Qe6
Rxf5 48. Rd7 Rf2+ 49. Kg1 1/2-1/2

[Event "Druzynowe Mistrzostwa Polski Juniorow - Ekstraliga Juniorow 2019"]
[Site "DW Globus Ustron Jaszowiec ul. Turystyczna 6"]
[Date "1899-12-30"]
[Round "9.5"]
[White "Jarocka, Liwia"]
[Black "Kaczmarska, Joanna"]
[Result "1/2-1/2"]
[WhiteTitle "FM"]
[BlackTitle "k+"]
[WhiteElo "2102"]
[BlackElo "2010"]

1. e4 e6 2. d4 d5 3. Nd2 c5 4. exd5 Qxd5 5. Ngf3 cxd4 6. Bc4 Qd6 7. O-O Nf6 8.
Nb3 Nc6 9. Nbxd4 Nxd4 10. Nxd4 a6 11. Re1 Qc7 12. Qe2 h6 13. h3 Bc5 14. Nb3 Bd6
15. a4 b6 16. Be3 O-O 17. Nd2 Re8 18. Rad1 Bb7 19. Bb3 Nd5 20. Nc4 Bc5 21. Bxc5
Qxc5 22. Qe5 Rad8 23. Ne3 Qc6 24. Nxd5 exd5 25. Qd4 b5 26. axb5 axb5 27. Rxe8+
Qxe8 28. Rd3 Qe1+ 29. Kh2 Qe6 30. Rg3 g6 31. Re3 Qd6+ 32. g3 Bc6 33. Rd3 Bb7 34.
Qa7 Qc6 35. Qd4 Qd6 36. Rf3 Bc8 37. Qf4 Qf8 38. Rd3 Be6 39. Qe3 Kh7 40. Rd4 Re8
41. Qd2 Qc5 42. c3 Rd8 43. Rh4 Qf8 44. Rd4 Qc5 45. Bc2 Kg7 46. h4 h5 47. Qg5 Qd6
48. Bd3 Rb8 49. Rb4 Bd7 50. Qe3 Bc6 51. Rf4 Re8 52. Qd4+ f6 53. Rf3 Bd7 54. Bc2
Qe6 55. Re3 Qh3+ 56. Kg1 Rxe3 57. Qxe3 Qe6 58. Qxe6 Bxe6 59. Bd3 Bd7 60. Kf1 f5
61. Ke2 Kf6 62. Ke3 Ke5 63. Be2 Be8 64. f4+ Kd6 65. Kd4 Bd7 66. Bf3 Be6 67. b3
Bf7 68. Be2 Be8 69. c4 dxc4 70. bxc4 bxc4 71. Bxc4 Ke7 72. Ke5 Ba4 73. Bd3 Kf7
74. Kd6 Kf6 75. Bc4 Bc2 76. Bb5 Kg7 77. Ke7 Be4 78. Be8 Bd3 1/2-1/2

[Event "Druzynowe Mistrzostwa Polski Juniorow - Ekstraliga Juniorow 2019"]
[Site "DW Globus Ustron Jaszowiec ul. Turystyczna 6"]
[Date "1899-12-30"]
[Round "9.6"]
[White "Kandula, Jasmina"]
[Black "Hertlein, Irena"]
[Result "1/2-1/2"]
[WhiteTitle "II+"]
[BlackTitle "I++"]
[WhiteElo "1040"]
[BlackElo "1612"]

1. e4 c5 2. Nf3 a6 3. c3 e6 4. d4 d5 5. e5 Bd7 6. Bd3 cxd4 7. cxd4 Bb5 8. Bxb5+
axb5 9. O-O Nc6 10. Bd2 Qb6 11. Be3 Nge7 12. Nbd2 b4 13. Re1 Nf5 14. Nb3 Be7 15.
Qd2 O-O 16. Rec1 Ra7 17. Rd1 Rfa8 18. Nc1 b3 19. a3 Bxa3 20. Nxb3 Qxb3 21. bxa3
Qb6 22. Rdb1 Qc7 23. Qb2 Na5 24. Nd2 Nc4 25. Nxc4 dxc4 26. Qc3 Ra4 27. Rb4 Ne7
28. Rc1 b5 29. Rxb5 Nd5 30. Qe1 Qd7 31. Rcb1 Rxa3 32. Rb8+ Qc8 33. Rxc8+ Rxc8
34. Bc1 Ra2 35. Bd2 h6 36. Rc1 Ra3 37. Bb4 Ra4 38. Bc3 Ra3 39. Bb4 Ra4 40. Bc3
1/2-1/2

[Event "Druzynowe Mistrzostwa Polski Juniorow - Ekstraliga Juniorow 2019"]
[Site "DW Globus Ustron Jaszowiec ul. Turystyczna 6"]
[Date "1899-12-30"]
[Round "9.7"]
[White "Czechowski, Jakub"]
[Black "Chylewski, Patryk"]
[Result "0-1"]
[WhiteTitle "I+"]
[BlackTitle "FM"]
[WhiteElo "1922"]
[BlackElo "2400"]

1. e4 c5 2. Nf3 e6 3. d4 cxd4 4. Nxd4 Nc6 5. Nc3 a6 6. g3 Qc7 7. Bg2 Nf6 8. O-O
h5 9. Nxc6 dxc6 10. e5 Qxe5 11. Re1 Qa5 12. Bd2 Qd8 13. Qe2 Be7 14. Rad1 O-O 15.
Ne4 Qb6 16. b3 h4 17. Nxf6+ Bxf6 18. Be3 Qa5 19. Bd2 Qc5 20. b4 Qxc2 21. Be4 Qxa2
22. g4 g6 23. Rb1 e5 24. Bd3 Qe6 25. h3 Rd8 26. Red1 Qe7 27. Be3 Bg5 28. Bc5 Qf6
29. Bb6 Re8 0-1